Martial Arts by Country - Statistics

General Stats
  • This quiz has been taken 483 times
  • The average score is 12 of 22
Answer Stats
Hint Answer % Correct
Karate Japan
99%
Muay Thai Thailand
97%
Shaolin Kung Fu China
93%
Tai Chi China
79%
Aikido Japan
79%
Tae Kwan Do Korea
78%
Jujutsu Japan
76%
Wing Chun China
73%
Capoeira Brazil
68%
Krav Maga Israel
67%
Hwa Rang Do Korea
53%
Savate France
44%
Kalaripayattu India
39%
Hapkido Korea
39%
Jeet Kun Do USA
39%
Pencak Silat Indonesia
33%
Pancrase Greece
28%
Lethwei Myanmar
25%
Vovinam Vietnam
19%
Bokator Cambodia
13%
Dambe Nigeria
12%
Wrestling Iraq
7%
No matching quizzes found
Score Distribution
Percent of People with Each Score
Percentile by Number Answered
Your Score History
You have not taken this quiz